000
00214nam a22000977a 4500
082
_a
894.812.3
_b
MUT/M
100
_a
MUTTINAKAM, GEORGE
245
_a
MUTHUM PAVIZHAVUM
650
_a
MALAYALAM SHORT STORIES
942
_c
BK
999
_c
7651
_d
7651